00762nam a2200229Ia 4500003000900000008004100009020002200050040001600072080001700088100002600105245004700131250001200178260004000190300001400230490004700244650004800291650003400339650003300373942000700406999001700413952010200430IN-BaIIA211028s9999 xx 000 0 eng d a978-1-119-95151-3 cIIA Library a519.226bCON aCongdon, Peter936424 0aApplied bayesian modellingcPeter Congdon  a2nd ed. aChichesterbJohn Wiley & Sonsc2014 aix, 437p. aWiley series in probability and statistics aBayesian statistical decision theory936274 aMathematical statistics91674 aMathematics - applied936425 cBK c19076d19076 00104070aBANbBANcGENd2015-07-08eANJ l0o519.226/ CONp19998r2021-11-05w2015-07-08yBK